| 000 | 01063naa a22003017a 4500 | ||
|---|---|---|---|
| 001 | BR8002643 | ||
| 003 | BR-BrBNA | ||
| 005 | 20240918174551.0 | ||
| 007 | ta | ||
| 008 | 230509b bl.||||| |||| 00| 0 por d | ||
| 040 |
_aBR-BrBNA _bpor _cBiblioteca Nacional de Agricultura |
||
| 041 | _a(Pt) | ||
| 072 |
_aE10; E70 _b/G514 |
||
| 090 | _aE10 BR8002643 | ||
| 100 | 1 | _aMelo, F.H. de | |
| 245 | 1 | _aAgricultura, progresso tecnologico e exportacoes [Politica agricola; Brasil] | |
| 260 | 3 |
_aSao Paulo, SP (Brasil): _c1980. |
|
| 500 | _aProjeto - bases para a formulacao de politicas agricolas. Relatorio final Sao Paulo, SP (Brasil): 1980. p. 1-33 (BR8002643-AM)E10 | ||
| 650 | _aMacroeconomia | ||
| 650 | _aComercializacao | ||
| 650 | _aPolitica economica | ||
| 650 | _aDesenvolvimento agricola | ||
| 650 | _aExportacao | ||
| 650 | _aPreco | ||
| 773 | 0 |
_tProjeto - bases para a formulacao de politicas agricolas. Relatorio final _wE10 BR8002643 _gSao Paulo, SP (Brasil), 1980. p. 1-33 |
|
| 909 |
_a202404 _bLucia _c55 _dLucia Elande |
||
| 942 |
_cAM _2AGRIS |
||
| 999 |
_c312057 _d312057 |
||